Código de trabajo/ (Registro nro. 8314)

Detalles MARC
000 -LEADER
fixed length control field 00841nam a2200205Ia 4500
005 - FECHA Y HORA DE LA ÚLTIMA TRANSACCIÓN
control field 20241127165947.0
008 - FIXED-LENGTH DATA ELEMENTS--GENERAL INFORMATION
fixed length control field 230609s9999 xx 000 0 und d
020 ## - INTERNATIONAL STANDARD BOOK NUMBER
International Standard Book Number 9789996155796
040 ## - CATALOGING SOURCE
Original cataloging agency UPAN
Transcribing agency Biblioteca San Vicente
Description conventions RCAA2
041 ## - LANGUAGE CODE
Language code of text/sound track or separate title spa
082 ## - DEWEY DECIMAL CLASSIFICATION NUMBER
Classification number 348.022
Item number M539c
año de publicación 2021
100 ## - MAIN ENTRY--PERSONAL NAME
Personal name Mendoza Orante, Ricardo
Relator code ed.
245 #0 - TITLE STATEMENT
Title Código de trabajo/
Statement of responsibility, etc Ricardo Mendoza Orantes
250 ## - EDITION STATEMENT
Edition statement 95° ed.
260 ## - PUBLICATION, DISTRIBUTION, ETC. (IMPRINT)
Place of publication, distribution, etc El Salvador:
Name of publisher, distributor, etc Jurídica Salvadoreña,
Date of publication, distribution, etc 2021
300 ## - PHYSICAL DESCRIPTION
Extent 184 p.;
Dimensions 21 cm.
505 ## - FORMATTED CONTENTS NOTE
Formatted contents note Titulo I: Disposiciones generales<br/>Libro primero: derecho individual del trabajo<br/>Libro segundo: Derecho colectivo del trabajo<br/>Libro tercero: Previsión y seguridad social<br/>Libro cuarto: Derecho procesal de trabajo<br/>Libro quinto: Disposiciones finales
650 ## - SUBJECT ADDED ENTRY--TOPICAL TERM
Source of heading or term LEMB
General subdivision Derecho laboral
Geographic subdivision El Salvador
942 ## - ADDED ENTRY ELEMENTS (KOHA)
Koha item type Libros
Source of classification or shelving scheme Dewey Decimal Classification
Existencias
Withdrawn status Lost status Source of classification or shelving scheme Damaged status Not for loan Collection code Home library Current library Date acquired Total Checkouts Full call number Barcode Date last seen Copy number Price effective from Koha item type
    Dewey Decimal Classification     Colección General Biblioteca UPAN San Vicente Biblioteca UPAN San Vicente 09/06/2023   348.022 M539c 12004254 09/06/2023 03 09/06/2023 Libros
    Dewey Decimal Classification     Colección General Biblioteca UPAN San Vicente Biblioteca UPAN San Vicente 14/06/2023   348.022 M539c 12004252 14/06/2023 01 14/06/2023 Libros
    Dewey Decimal Classification     Colección General Biblioteca UPAN San Vicente Biblioteca UPAN San Vicente 14/06/2023   348.022 M539c 12004253 14/06/2023 02 14/06/2023 Libros